| 000 | 02007nam0a2200409 4500 | ||
|---|---|---|---|
| 001 | RU\NLR\BIBL_A\022640166 | ||
| 005 | 20260420054612.0 | ||
| 010 |
_a978-5-04-204202-7 _93000 |
||
| 021 |
_aRU _bКН-П-25-050128 _9КН-П-25-4844 |
||
| 035 | _a(NLR Aleph) 022640166 | ||
| 090 |
_a13685269 _c13685269 |
||
| 100 | _a20251009d2025 u y0rusy50 ca | ||
| 101 | 0 | _arus | |
| 102 | _aRU | ||
| 105 | _aab z 001yy | ||
| 181 | 0 |
_ai3 _baxxe |
|
| 182 | 0 | _an | |
| 200 | 1 |
_aИстория метро Москвы _eразвитие Московского метрополитена и его культурные символы _fВиктория Фролкова |
|
| 203 |
_aТекст _bвизуальный _cнепосредственный |
||
| 210 |
_aМосква _cЭксмо, Бомбора _d2025 |
||
| 215 |
_a217, [1] с., [8] л. цв. ил. _cил., карт. _d21 |
||
| 225 | 1 |
_aТуризм в деталях _iСамые интересные прогулки |
|
| 225 | 1 | _aГлазами инженера рекомендует | |
| 300 | _aНа 4-й с. обл. авт.: Виктория Фролкова, экскурсовод по Москве и лектор | ||
| 300 | _aДоп. информ. в ссылке QR-кода кн. | ||
| 320 | _aБиблиогр.: с. 211-218 (95 назв.) | ||
| 320 | _aУказ.: с. 209-210 | ||
| 333 | _a12+ | ||
| 601 | 0 | 2 |
_a"Московский метрополитен", государственное унитарное предприятие _xСтроительство _xИстория _92684727 _3RU\NLR\AUTH\6601762162 |
| 686 | 1 | _aО81-06г | |
| 700 | 1 |
_aФролкова _bВ. И. _gВиктория Игоревна |
|
| 712 | 0 | 2 |
_4570 _a"Московский метрополитен", государственное унитарное предприятие _9529146 _3RU\NLR\AUTH\8810015643 |
| 942 | _cBOOK | ||
| 980 | _aNB | ||